000 00717nam a2200277Ia 4500
005 20260121125120.0
008 008 260114s9999 xx 000 0 eng d
020 _a9781477321935
037 _aEBOOK
040 _aCRL
040 _beng
040 _cCRL
041 _2eng
041 _aeng
084 _qCRL
100 _aSeman, Jennifer Koshatka
_9987500
245 0 _aBorderlands Curanderos: The Worlds of Santa Teresa Urrea and Don Pedrito Jaramillo
260 _bWalter de Gruyter
260 _bWalter de Gruyter
260 _c2021
650 _aHistory
_9987501
856 _uhttp://www.degruyter.com/isbn/9781477321935
942 _cEBOOK
999 _c1559610
_d1559610